000 00490nam a2200181Ia 4500
005 20250326124700.0
008 250326s9999 xx 000 0 und d
037 _aTextbook
040 _aFMSL
_beng
_cFMSL
041 _aeng
_2eng
084 _aX:87 K7
_qFMSL
100 _aReady R K
_9737787
245 0 _aAdministrator's job: issues and dilemmas
_cReady R K
260 _aNY
_bNY, McGraw-Hill
_c1967
300 _a139p
942 _cTB
_hX:87 K7
999 _c1274730
_d1274730